<?xml version="1.0" encoding="UTF-8"?><?xml-stylesheet type="text/xsl" href="static/style.xsl"?><OAI-PMH xmlns="http://www.openarchives.org/OAI/2.0/" xmlns:xsi="http://www.w3.org/2001/XMLSchema-instance" xsi:schemaLocation="http://www.openarchives.org/OAI/2.0/ http://www.openarchives.org/OAI/2.0/OAI-PMH.xsd"><responseDate>2026-04-27T20:21:14Z</responseDate><request verb="GetRecord" identifier="oai:riubu.ubu.es:10259/5172" metadataPrefix="marc">https://riubu.ubu.es/oai/request</request><GetRecord><record><header><identifier>oai:riubu.ubu.es:10259/5172</identifier><datestamp>2025-03-18T11:59:20Z</datestamp><setSpec>com_10259_2699</setSpec><setSpec>col_10259_2703</setSpec></header><metadata><record xmlns="http://www.loc.gov/MARC21/slim" xmlns:doc="http://www.lyncode.com/xoai" xmlns:xsi="http://www.w3.org/2001/XMLSchema-instance" xmlns:dcterms="http://purl.org/dc/terms/" xsi:schemaLocation="http://www.loc.gov/MARC21/slim http://www.loc.gov/standards/marcxml/schema/MARC21slim.xsd">
<leader>00925njm 22002777a 4500</leader>
<datafield tag="042" ind1=" " ind2=" ">
<subfield code="a">dc</subfield>
</datafield>
<datafield tag="720" ind1=" " ind2=" ">
<subfield code="a">López Perea, Eva María</subfield>
<subfield code="e">author</subfield>
</datafield>
<datafield tag="260" ind1=" " ind2=" ">
<subfield code="c">2018</subfield>
</datafield>
<datafield tag="520" ind1=" " ind2=" ">
<subfield code="a">La gestión de calidad en las organizaciones sociales, como es el caso de las ludotecas, se apoya en un conjunto de factores como son el liderazgo, la planificación de la calidad, la gestión de los recursos humanos, la gestión de los procesos, la participación de los usuarios de los servicios y la mejora continua. Pero cuando se habla de calidad en este tipo de instituciones socio comunitarias, se deben basar en la satisfacción de los diferentes implicados, y en el equilibrio entre expectativas y percepciones de cada grupo (niños, familias y profesionales). Por este motivo es necesario configurar una guía de indicadores de calidad centrada en fomentar la participación familiar en las ludotecas, ante la necesidad de reforzar la actividad pedagógica y enmarcarla en una acción coherente e integral en un intento por defender instituciones que brinden al niño oportunidades para la materialización del derecho al juego.</subfield>
</datafield>
<datafield tag="024" ind2=" " ind1="8">
<subfield code="a">http://hdl.handle.net/10259/5172</subfield>
</datafield>
<datafield tag="024" ind2=" " ind1="8">
<subfield code="a">10.36443/10259/5172</subfield>
</datafield>
<datafield ind1=" " ind2=" " tag="653">
<subfield code="a">ludoteca</subfield>
</datafield>
<datafield ind1=" " ind2=" " tag="653">
<subfield code="a">calidad</subfield>
</datafield>
<datafield ind1=" " ind2=" " tag="653">
<subfield code="a">gestión</subfield>
</datafield>
<datafield ind1=" " ind2=" " tag="653">
<subfield code="a">organización social</subfield>
</datafield>
<datafield ind1=" " ind2=" " tag="653">
<subfield code="a">participación familiar</subfield>
</datafield>
<datafield ind1=" " ind2=" " tag="653">
<subfield code="a">Toy libraries</subfield>
</datafield>
<datafield ind1=" " ind2=" " tag="653">
<subfield code="a">family involvement</subfield>
</datafield>
<datafield ind1=" " ind2=" " tag="653">
<subfield code="a">quality</subfield>
</datafield>
<datafield ind1=" " ind2=" " tag="653">
<subfield code="a">management</subfield>
</datafield>
<datafield ind1=" " ind2=" " tag="653">
<subfield code="a">social organization</subfield>
</datafield>
<datafield tag="245" ind1="0" ind2="0">
<subfield code="a">Diseño y validación de una guía de indicadores centrada en fomentar la participación familiar en las ludotecas</subfield>
</datafield>
</record></metadata></record></GetRecord></OAI-PMH>